Personnage Super Smash Bros. For Wii U/3DS - Statistiques

Statistiques générales
  • Ce quiz a été pris 18 fois
  • Le résultat moyen est 40 sur 56
Statistiques - réponses
Réponse % Correct
Bowser
100%
Luigi
100%
Mario
100%
Peach
100%
Yoshi
100%
Diddy Kong
94%
Donkey Kong
94%
Kirby
94%
Meta knight
94%
Link
88%
Pikachu
88%
Wario
88%
Zelda
88%
Dracaufeu
81%
Falco
81%
Ike
81%
Lucario
81%
Marth
81%
Roi Dadidou
81%
Samus
81%
Amphinobi
75%
Fox
75%
Ganondorf
75%
Ness
75%
Palutena
75%
Pit
75%
Bowser Jr.
69%
Villageois
69%
Little Mac
69%
Lucas
69%
Mega Man
69%
Mewtwo
69%
Olimar
69%
Pac Man
69%
Rondoudou
69%
Samus sans armure
69%
Sheik
69%
Bayonetta
63%
Dr. Mario
63%
Duo Duck & Hunt
63%
Entraineuse WiiFit
63%
Link Cartoon
63%
Mr. Game & Watch
63%
Pit Maléfique
63%
Sonic
63%
Cloud
56%
Lucina
56%
R.O.B.
56%
Ryu
56%
Captain Falcon
50%
Corrin
50%
Daraen
50%
Roy
50%
Shulk
38%
Harmonie & Luma
25%
Combattants Mii
0%
Aucun quiz correspondant
Distribution des résultats
% des personnes avec chaque résultat
Percentile par nombre de réponses
Votre historique - résultats
Vous n’avez pas pris ce quiz